000 00658nam a22002297a 4500
005 20170124110013.0
010 _a801027
020 _c00.00
035 _a801027
037 _bCen Lib/Ret
040 _aDPL
_bEN
082 _a300
_bBOU
100 _aBoulding, Kenneth E
_918264
245 _aThe impact of the social sciences /
_cby Kenneth E. Boulding
246 _b
260 _aU. S. A
_bRutgers University Press
_c1966
300 _a117p.
_c18cm(Hb)
500 _aIncludes bibliographic references and index
650 _aScience--Social aspects
_918265
650 _aSocial sciences
_918266
942 _2ddc
_cEN
_h300
_mBOU
999 _c126665
_d126665